MARC details
| 000 -LEADER |
| fixed length control field |
01329nam a2200361 a 4500 |
| 001 - CONTROL NUMBER |
| control field |
1196164 |
| 003 - CONTROL NUMBER IDENTIFIER |
| control field |
GZU |
| 005 - DATE AND TIME OF LATEST TRANSACTION |
| control field |
20210407113829.0 |
| 008 - FIXED-LENGTH DATA ELEMENTS--GENERAL INFORMATION |
| fixed length control field |
970911s1997 rh ab b 100 0 eng |
| 010 ## - LIBRARY OF CONGRESS CONTROL NUMBER |
| LC control number |
97980775 |
| 020 ## - INTERNATIONAL STANDARD BOOK NUMBER |
| International Standard Book Number |
0908307616 |
| 040 ## - CATALOGING SOURCE |
| Original cataloging agency |
DLC |
| Transcribing agency |
DLC |
| 042 ## - AUTHENTICATION CODE |
| Authentication code |
lcode |
| 043 ## - GEOGRAPHIC AREA CODE |
| Geographic area code |
f-rh--- |
| 050 00 - LIBRARY OF CONGRESS CALL NUMBER |
| Classification number |
SB319.3.Z55 |
| Item number |
SMA 1997 |
| 245 00 - TITLE STATEMENT |
| Title |
Smallholder horticulture in Zimbabwe / |
| Statement of responsibility, etc. |
edited by J.E. Jackson, A. Turner, and M. Matanda. |
| 260 ## - PUBLICATION, DISTRIBUTION, ETC. |
| Place of publication, distribution, etc. |
Harare, Zimbabwe : |
| Name of publisher, distributor, etc. |
University of Zimbabwe Publications, |
| Date of publication, distribution, etc. |
1997. |
| 300 ## - PHYSICAL DESCRIPTION |
| Extent |
xvi, 207 p. : |
| Other physical details |
ill. maps ; |
| Dimensions |
23 cm. |
| 500 ## - GENERAL NOTE |
| General note |
Proceedings of a workshop. |
| 504 ## - BIBLIOGRAPHY, ETC. NOTE |
| Bibliography, etc. note |
Includes bibliographical references. |
| 650 #0 - SUBJECT ADDED ENTRY--TOPICAL TERM |
| Topical term or geographic name entry element |
Horticulture |
| Geographic subdivision |
Zimbabwe |
| General subdivision |
Congresses. |
| 650 #0 - SUBJECT ADDED ENTRY--TOPICAL TERM |
| Topical term or geographic name entry element |
Truck farming |
| Geographic subdivision |
Zimbabwe |
| General subdivision |
Congresses. |
| 650 #0 - SUBJECT ADDED ENTRY--TOPICAL TERM |
| Topical term or geographic name entry element |
Vegetables |
| Geographic subdivision |
Zimbabwe |
| General subdivision |
Congresses. |
| 650 #0 - SUBJECT ADDED ENTRY--TOPICAL TERM |
| Topical term or geographic name entry element |
Fruit-culture |
| Geographic subdivision |
Zimbabwe |
| General subdivision |
Congresses. |
| 650 #0 - SUBJECT ADDED ENTRY--TOPICAL TERM |
| Topical term or geographic name entry element |
Vegetable trade |
| Geographic subdivision |
Zimbabwe |
| General subdivision |
Congresses. |
| 650 #0 - SUBJECT ADDED ENTRY--TOPICAL TERM |
| Topical term or geographic name entry element |
Fruit trade |
| Geographic subdivision |
Zimbabwe |
| General subdivision |
Congresses. |
| 700 1# - ADDED ENTRY--PERSONAL NAME |
| Personal name |
Jackson, J. E. |
| Fuller form of name |
(John Ellwood), |
| Dates associated with a name |
1934- |
| Relator term |
editor |
| 700 1# - ADDED ENTRY--PERSONAL NAME |
| Personal name |
Turner, A. |
| Fuller form of name |
(Anne) |
| Relator term |
editor |
| 700 1# - ADDED ENTRY--PERSONAL NAME |
| Personal name |
Matanda, M. |
| Fuller form of name |
(Margaret) |
| Relator term |
editor |
| 906 ## - LOCAL DATA ELEMENT F, LDF (RLIN) |
| a |
7 |
| b |
cbc |
| c |
origode |
| d |
2 |
| e |
ncip |
| f |
19 |
| g |
y-gencatlg |
| 942 ## - ADDED ENTRY ELEMENTS (KOHA) |
| Source of classification or shelving scheme |
Library of Congress Classification |
| Koha item type |
Books |
| Classification part |
319.3.Z55 |
| Item part |
SMA |
| Call number prefix |
S |